000 00524nam a2200169Ia 4500
003 IN-BaIIA
008 211028s9999 xx 000 0 eng d
040 _cIIA Library
080 _a52.3
_bPER
245 0 _aFlight Test Instrumentation
_cedited by M. A. Perry
260 _aOxford
_bPergamon Press
_c1961
300 _ax, 153p.
650 _aAeronautical Engineering
_910650
650 _aAstronomy and Astrophysics Thesaurus
700 _aPerry, M. A., ed.
_910651
942 _cBK
999 _c6167
_d6167